Togo Country Quiz - Statistics

General Stats
  • This quiz has been taken 4 times
  • The average score is 7 of 13
Answer Stats
Hint Answer % Correct
Borders Benin
100%
Borders Burkina Faso
100%
Former Part of France
100%
Main Ally France
100%
Borders Ghana
100%
Capital Lomé
100%
Independent Since 1960
67%
Number of Regions 5
67%
Main Language Ewe
0%
Current Leader Faure Gnassingbé
0%
Main Export Gold
0%
Form of government Presidential Republic
0%
Currency Togolese Franc
0%
No matching quizzes found
Score Distribution
Percent of People with Each Score
Percentile by Number Answered
Your Score History
You have not taken this quiz